000 00814cab a2200241 4500
001 WB3131-92
008 090401t1995 xxu||||| |||| 00| 0 eng d
035 _a(Sirsi) u52150
041 _aeng
245 _a£1.7m Euro aid for the Marches
260 _c1995
350 _a0
490 _aBirmingham Post
_v10 August 1995, 19(1)
520 _aThe Marches in the west of England are to receive £1.7m in Euro aid under the Leader II project. The money will go into projects such as training, tourism, transport and culture and possibly co-operatives and new businesses.
650 _aEUROPEAN AID
650 _aLEADER II COMMUNITY INITIATIVE
650 _aLEADER II PROJECT
650 _aRURAL DEVELOPMENT
650 _aWEST ENGLAND
690 _aRURAL PRACTICE
942 _n0
948 _c04/03/1997
999 _c32351
_d32351